Astronomy with a home computer (Record no. 16406)

MARC details
000 -LEADER
fixed length control field 00549nam a2200181Ia 4500
003 - CONTROL NUMBER IDENTIFIER
control field IN-BaIIA
008 - FIXED-LENGTH DATA ELEMENTS--GENERAL INFORMATION
fixed length control field 211028s9999 xx 000 0 eng d
020 ## - INTERNATIONAL STANDARD BOOK NUMBER
International Standard Book Number 1-85233-805-9
040 ## - CATALOGING SOURCE
Transcribing agency IIA Library
080 ## - UNIVERSAL DECIMAL CLASSIFICATION NUMBER
Universal Decimal Classification number 52
Item number MON
100 ## - MAIN ENTRY--PERSONAL NAME
Personal name Monks, Neale
9 (RLIN) 30414
245 #0 - TITLE STATEMENT
Title Astronomy with a home computer
Statement of responsibility, etc. Neale Monks
260 ## - PUBLICATION, DISTRIBUTION, ETC.
Place of publication, distribution, etc. London
Name of publisher, distributor, etc. Springer
Date of publication, distribution, etc. 2005
300 ## - PHYSICAL DESCRIPTION
Extent vii, 202p.
490 ## - SERIES STATEMENT
Series statement Patrick Moore's practical astronomy series
650 ## - SUBJECT ADDED ENTRY--TOPICAL TERM
Topical term or geographic name entry element Astronomy-data processing
9 (RLIN) 12215
942 ## - ADDED ENTRY ELEMENTS (KOHA)
Koha item type Books
Holdings
Withdrawn status Lost status Damaged status Not for loan Home library Current library Shelving location Date acquired Source of acquisition Cost, normal purchase price Total Checkouts Full call number Barcode Date last seen Cost, replacement price Price effective from Koha item type Purchase Price
        IIA Library-Bangalore IIA Library-Bangalore General Stacks 22/02/2007 ALL 2327.48   52/ MON 17328 05/11/2021 2327.48 22/02/2007 Books Rs. 2327.48

Powered by Koha